Trouver l’attraction de Disneyland Paris à partir d’un détail de décor - Statistiques

Statistiques générales
  • Ce quiz a été pris 106 fois
  • Le résultat moyen est 10 sur 16
Statistiques - réponses
Par images Réponse % Correct
Indiana Jones Et Le Temple Du Péril
88%
Big Thunder Mountain
79%
It's A Small World
79%
Phantom Manor
79%
Star Wars Hyperspace Mountain
77%
Crush's Coaster
65%
Star Tours : L'aventure Continue
63%
Ratatouille : L'aventure Totalement Toquée de Rémy
61%
Peter Pan's Flight
54%
Slinky Dog Zigzag Spin
52%
Blanche-neige Et Les Sept Nains
51%
Le Carrousel De Lancelot
51%
Buzz Lightyear Laser Blast
44%
Pirates Of The Caribbean
39%
Rc Racer
35%
The Twilight Zone Tower Of Terror
33%
Aucun quiz correspondant
Distribution des résultats
% des personnes avec chaque résultat
Percentile par nombre de réponses
Votre historique - résultats
Vous n’avez pas pris ce quiz